| 000 | 01579cab a2200193 4500 | ||
|---|---|---|---|
| 001 | ##L131440 | ||
| 008 | 051031n2005 000 0 eng u | ||
| 035 | _a(Sirsi) u131440 | ||
| 041 | 0 | _aeng | |
| 245 | 0 | 0 | _aLMS International Ltd and anor v Styrene Packing and Insulation Ltd and anor |
| 260 | _c2005 | ||
| 520 | _a[2005] EWHC 2065 (TCC), unreported. Following a fire at the defendant's (S) factory, the court had to decide liability under the rule of Rylands and Fletcher. The fire had spread to an adjoining building and caused considerable damage. L claimed to damage to machinery and business interruption, whilst their co-claimants the landlords, claimed for building reinstatement costs and loss of rent. Although S claimed that is was negligent, the court decided that it was regardless of the Rylands rule. "Held": the fire was associated with hot wire cutting machinery, and S had bought into it's premises flammable material. S had not taken proper fire precautions and had not trained it's staff, the fire had not been dealt with swiftly. The landlords for S were liable for failing to provide proper support to the party wall during remedial works after the fire. | ||
| 590 | _aIKA081105 | ||
| 650 | 2 | 4 | _aRYLANDS V FLETCHER |
| 650 | 2 | 4 | _aLMS INTERNATIONAL LTD AND ANOTHERV STYRENE PACKING AND INSULATION LTD AND ANOTHER |
| 690 | _aMANAGEMENT-BUSINESS MANAGEMENT-PROFESSIONAL PRACTICE-NEGLIGENCE | ||
| 856 | 4 | 0 |
_uhttps://www.bailii.org/cgi-bin/markup.cgi?doc=/ew/cases/EWHC/TCC/2005/2065.html _zView the item free of charge at www.bailii.org... |
| 942 | _n0 | ||
| 999 |
_c104762 _d104762 |
||